00252nam a2200097 a 450000500170000000800410001705000220005824500260008026000390010630000090014520140412111327.0110128s19uu xx 00 eng d aM 591bWo927 1991 aThe world of animals. aU.S.A :bFunk and wagnalls,c1991. a45p.